| 000 | 01494nam a2200361 c 4500 | ||
|---|---|---|---|
| 003 | BLK | ||
| 005 | 20240912115124.0 | ||
| 008 | 180408b bul|||||r ||||||| ||bul|| | ||
| 010 | _aKNG00096231000 | ||
| 020 |
_a978-954-92263-8-6 _bиздат.: Агенция Ню импрес |
||
| 040 | _aBLK | ||
| 041 |
_aBUL _cBUL |
||
| 080 |
_aАмериканска литература (на САЩ) _b821.111(73) _x-93-322.4 _z821.111(73)-93-322.4 |
||
| 100 | 1 |
_aСтайн, Робърт Лорънс _eпърви автор _9369934 |
|
| 700 | 1 |
_aЩерева, Елена Методиева _eпрев. _9302989 |
|
| 139 |
_aСтайн, Робърт Лорънс _bС 62 |
||
| 245 | 1 | 0 |
_aКажи "Зе-е-ле-е" и... умри! - 2 _bЗабавен трилър за деца _cРобърт Лорънс Стайн; прев. Елена Методиева Щерева. |
| 257 | _aUSA | ||
| 260 |
_аСофия _bАгенция Ню импрес _c2009 _fСофия : Симолини-94 |
||
| 300 |
_a131 с. _c20 см |
||
| 380 | _aDX | ||
| 490 | 1 | _aПоредица Goosebumps | |
| 500 | _aОриг. загл. Say Cheese and Die - Again! - Офс. изд. | ||
| 653 | _aтрилъри | ||
| 653 | _aлитература за деца | ||
| 653 | _aдетска литература | ||
| 852 | _aЦб 247347 | ||
| 856 | 4 |
_qpdf _u |
|
| 856 | 4 |
_qpdf _u |
|
| 942 |
_cKNG _n0 _014 |
||
| 944 |
_aCR _c20.05.2010 _lГрета Цуфелде _k30537 |
||
| 944 |
_aED _c23.04.2012 _lф / _k |
||
| 999 |
_c91474 _d91474 |
||